000 00556nam a2200193Ia 4500
005 20250508152431.0
008 008 250505s9999 xx 000 0 eng d
037 _aTextual
040 _aFEDL
_beng
_cFEDL
041 _aeng
_2eng
084 _a155.4, ESM
_qFEDL
100 _aEsman Aaron H. Ed.
_9761473
245 0 _aNew frontiers in child guidance
260 _aNew York, USA
_bInternational Universities Press
_c1958
300 _axiii,218p.
650 _aChild Psychology
942 _cTEXL
_h155.4, ESM
999 _c1336396
_d1336396